000 00763nam a2200205 a 4500
001 000969976
003 AM-YeHGA
005 20250617150058.0
008 130621s ru r 000 0 rus d
040 _aAM-YeHGA
041 0 _arus
100 1 _aАгаджанов, В. С.
245 1 0 _aАвтоматический электропривод и следящие системы :
_bКонспект лекций /
_cВ.С. Агаджанов, В.З. Ярина.
260 _aМосква :
_bБ. и.
300 _aчасть.
505 1 0 _gЧ. 1 (1974, 115 с.)
_gЧ. 2 (1975, 114 с.)
_tАвтоматика и телемеханика
653 0 _aАвтоматика и телемеханика
700 1 _aЯрина, В. З.
090 _c325810
999 _c324065
_d324065